000 00886nam a2200265Ia 4500
003 OSt
005 20221005091429.0
006 a|||||r|||| 00| 0
007 ta
008 221004b |||||||| |||| 00| 0 eng d
020 _a9781137371713 (hbk)
_c5619.60
024 _a22351
037 _b7490, 24/03/2015, Efficient Book Distributors
_cTextual
040 _aCRL
_cCRL
_beng
041 _2eng
_aeng
082 _aV55.L9, Q4
100 _aKontler Laszlo
_9616158
245 0 _aTranslations histories enlightenments
_b William Roberson in Germany 1760-1795
260 _aNew York
_bPalgrave Macmillan U.S.A
_c2014
300 _ax, 261p.
_ccm.
490 _aPalgrave studies in cultural and intellectual history
650 _aHISTORY
942 _hV55.L9, Q4
_cTEXL
_2cc
999 _c997240
_d997240